Insight guides Argentina.
| Format: | Book |
|---|---|
| Published: |
Singapore:
APA Publications,
2012.
|
| Edition: | 5th ed. |
| Series: | Insights guides
|
| Subjects: |
| LEADER | 00535cam a2200181 7i4500 | ||
|---|---|---|---|
| 001 | 0000029133 | ||
| 005 | 20131022090000.0 | ||
| 020 | 0 | 0 | |a 9781780051062 |
| 090 | 0 | 0 | |a ARGT 914.8204 |b ARG |
| 245 | 0 | 0 | |a Insight guides Argentina. |
| 250 | 0 | 0 | |a 5th ed. |
| 260 | 0 | 0 | |a Singapore: |b APA Publications, |c 2012. |
| 300 | # | # | |a 359 p. |
| 440 | 0 | 0 | |a Insights guides |
| 650 | 0 | 0 | |a Argentina -- |x Guidebooks |
| 650 | 0 | 0 | |a Argentina -- |x Description and travel -- |x Guidebooks |
| 651 | 0 | 0 | |a Argentina |
| 999 | |a B000033127 |b Book |c Countries |e Business Information Centre | ||


